Movies Quiz

Random Movies or James Bond Quiz

James Bond Movie by First Shot (Slideshow) Quiz Stats

 Plays Quiz not verified by Sporcle

Challenge
Share
Tweet
Score 0/24 Timer 04:00
0 Plays Today
% Correct
The World Is Not Enough (1999)
79.1%
Spectre (2015)
75.2%
Tomorrow Never Dies (1997)
71.9%
Skyfall (2012)
71.2%
Dr. No (1962)
70.6%
The Man with the Golden Gun (1974)
70.2%
Casino Royale (2006)
67%
Thunderball (1965)
56.5%
Goldfinger (1964)
55.6%
You Only Live Twice (1967)
55%
The Spy Who Loved Me (1977)
53.2%
From Russia With Love (1963)
53.1%
% Correct
Die Another Day (2002)
52.5%
Octopussy (1983)
52%
GoldenEye (1995)
51.3%
Live and Let Die (1973)
50.1%
Moonraker (1979)
48.6%
For Your Eyes Only (1981)
48.4%
Diamonds Are Forever (1971)
41.9%
A View to a Kill (1985)
39.8%
Licence to Kill (1989)
37.4%
On Her Majesty's Secret Service (1969)
36.9%
Quantum of Solace (2008)
36.8%
The Living Daylights (1987)
32%

You're not logged in!

Compare scores with friends on all Sporcle quizzes.
OR
Log In

You Might Also Like...

Show Comments

Extras

Top Quizzes Today


Score Distribution

Your Account Isn't Verified!

In order to create a playlist on Sporcle, you need to verify the email address you used during registration. Go to your Sporcle Settings to finish the process.

Report this User

Report this user for behavior that violates our Community Guidelines.

Details: